Statistiken für Erate japanische Firmen anhand von einem Teil des Logos

Klicken Sie hier um das Quiz zu spielen!

Allgemein

  • Dieses Quiz wurde 260 mal gespielt
  • Das Durchschnittsergebnis liegt bei 9 aus 20

Antwortstatistiken

Antwort% Korrekt
Nintendo
100%
Suzuki
88%
Mitsubishi
76%
SEGA
73%
Sony
72%
Panasonic
69%
Subaru
69%
Nikon
66%
Yamaha
63%
Fujitsu
50%
Bandai
43%
Capcom
34%
Bandai Namco
32%
TV Tokyo
11%
Docomo
5%
Kyoto Animation
4%
Kadokawa
2%
Koei Tecmo
2%
Nico Nico Douga
2%
Shaft
0%

Verteilung der Resultate

Perzentil nach korrekt beantworteten Fragen

Anzahl Personen mit jedem Resultat

Ihre Resultats-Entwicklung

Sie haben dieses Quiz noch nicht gespielt